Geometry of manifolds (Record no. 2870)

MARC details
000 -LEADER
fixed length control field 00629nam a2200205Ia 4500
003 - CONTROL NUMBER IDENTIFIER
control field IN-BaIIA
008 - FIXED-LENGTH DATA ELEMENTS--GENERAL INFORMATION
fixed length control field 211028s9999 xx 000 0 eng d
040 ## - CATALOGING SOURCE
Transcribing agency IIA Library
080 ## - UNIVERSAL DECIMAL CLASSIFICATION NUMBER
Universal Decimal Classification number 514.76
Item number BIS
100 ## - MAIN ENTRY--PERSONAL NAME
Personal name Bishop, R. L.
9 (RLIN) 5126
245 #0 - TITLE STATEMENT
Title Geometry of manifolds
Statement of responsibility, etc. R. L. Bishop and R. J. Crittenden
260 ## - PUBLICATION, DISTRIBUTION, ETC.
Place of publication, distribution, etc. New York
Name of publisher, distributor, etc. Academic Press
Date of publication, distribution, etc. 1964
300 ## - PHYSICAL DESCRIPTION
Extent ix, 273p.
490 ## - SERIES STATEMENT
Series statement Pure and applied mathematics; v.15
650 ## - SUBJECT ADDED ENTRY--TOPICAL TERM
Topical term or geographic name entry element Geometry
9 (RLIN) 1677
650 ## - SUBJECT ADDED ENTRY--TOPICAL TERM
Topical term or geographic name entry element Manifolds Mathematics
9 (RLIN) 5127
650 ## - SUBJECT ADDED ENTRY--TOPICAL TERM
Topical term or geographic name entry element NASA Thesaurus
700 ## - ADDED ENTRY--PERSONAL NAME
Personal name Crittenden, R. J.
9 (RLIN) 5128
942 ## - ADDED ENTRY ELEMENTS (KOHA)
Koha item type Books
Holdings
Withdrawn status Lost status Damaged status Not for loan Home library Current library Shelving location Date acquired Cost, normal purchase price Total Checkouts Full call number Barcode Date last seen Date last checked out Cost, replacement price Price effective from Koha item type Purchase Price
        IIA Library-Bangalore IIA Library-Bangalore General Stacks 30/03/1967 75.60 1 514.76/ BIS 3194 05/02/2025 06/01/2025 75.60 30/03/1967 Books Rs. 75.60

Powered by Koha